Responses for Show #7016 - Monday, March 2, 2015

Contestants

[<< previous game]

Leslie Gordon, a market research analyst originally from Pittsburgh, Pennsylvania

Thomas Phillips, a graduate student originally from Greenville, Alabama

Jose Garriga, a communications specialist from Washington, D.C. (whose 2-day cash winnings total $38,402)

[next game >>]

Jeopardy! Round responses

MAY THE FORK BE WITH YOU
LITERARY CHARCTERS
SHOW BIZ STUPID ANSWERS
IT BORDERS BRAZIL
MANY "DO"
BUT NOT CHILLY
    $200 1
cocktail

Leslie
    $200 2
Robin

Leslie
    $200 18
a rat

Jose
    $200 9
Colombia

Thomas
    $200 13
ado

Jose
    $200 30
Hell

Jose
    $400 7
(Jose: What is oyster?)

pickle

JoseThomas
    $400 3
Tevye

Jose
    $400 19
(Jose: What is Masters and Johnson?)

Masters of Sex

JoseLeslie
    $400 12
Argentina

Jose
    $400 14
doom

Triple Stumper
    $400 29
(Leslie: What is toast?, [*])

toasty

Leslie
    $600 23
a tuning fork

Leslie
    $600 4
Gustav Mahler

Jose
    $600 20
The Middle

Thomas
    $600 11
Uruguay

Leslie
    $600 15
doodle

Leslie
    $600 26
the core

Thomas
    $800 22
fondue

Leslie
    $800 5
(Kurt) Vonnegut

Jose
    $800 24
(Alex: That's it, with less than a minute to go.)

The Producers

Jose
    $800 8
Guiana

Jose
    $800 16
didgeridoo

Leslie
    $800 28
mukluks

Leslie
    $1000 21
a lobster

Thomas
    $1000 6
(Jose: Who is Phineas Fogg?)

Phileas Fogg

Jose
Triple Stumper
    $1000 25
Soap

Jose
    $1000 10
Bolivia

Thomas
    $1,500 17
(Leslie: I don't know.)

the Bedouin

Leslie
    $1000 27
the coals

Leslie

Scores at the first commercial break (after clue 15):

Jose Thomas Leslie
$1,800 $1,600 $1,600

Scores at the end of the Jeopardy! Round:

Jose Thomas Leslie
$3,600 $3,800 $4,900

Double Jeopardy! Round responses

HISTORICAL ROMANCES
AMERICAN MUSIC
3-NAMED ACTORS
YOUR BODY HAS A SYSTEM
CIA WORLD FACTOBOOK ABBREV.
HIDDEN GEMS
    $400 16
the Sundance Kid

Thomas
    $400 1
"Oh! Susanna"

Jose
    $400 26
Sarah Michelle Gellar

Leslie
    $400 10
the respiratory system

Leslie
    $400 19
the Soviet Union

Jose
    $400 30
sapphire (in his app hires)

Thomas
    $800 17
Catherine the Great

Leslie
    $800 2
the clarinet

Jose
    $800 25
(Alex: With less than a minute to go, you are right.)

Neil Patrick Harris

Thomas
    $800 11
the digestive

Jose
    $800 7
product

Jose
    $800 29
pearl (in up early)

Triple Stumper
    $3,000 14
(Thomas: Who was Edward VI?)

Harry Truman

Thomas
    $1200 3
Les Paul

Thomas
    $1200 22
Jamie Lee Curtis

Jose
    $1200 12
the immune system

Thomas
    $1200 5
a non-governmental organization

Thomas
    $1200 28
topaz (in top azimuth)

Jose
    $1600 13
(Jose: Who was Charles I?)

Charles II

Jose
Triple Stumper
    $1600 8
the Cherokee

Thomas
    $1600 23
James Earl Jones

Leslie
    $1600 20
(Thomas: What are arteries?)

the circulatory system

JoseThomas
    $1600 4
endangered species

Leslie
    $1600 27
opal (in Stop along)

Jose
    $2000 18
(Jose: Who is Robin Hood?)

William Wallace

JoseThomas
    $2000 9
(Woody) Guthrie

Jose
    $2000 24
Jackie Earle Haley

Triple Stumper
    $2000 21
the endocrine system

Thomas
    $3,000 6
security & cooperation

Thomas
    $2000 15
jasper (in Hajj as per)

Jose

Scores at the end of the Double Jeopardy! Round:

Jose Thomas Leslie
$12,800 $13,000 $9,700

[wagering suggestions for these scores]

Final Jeopardy! Round responses

LITERARY FIRST LINES
LeslieWho is Hunter S. Thompson?
$9,499
JoseWho is Thompson?
$10,201
ThomasWho is H. Thompson?
$12,601
Hunter S. Thompson (from Fear and Loathing in Las Vegas)

Final scores:

Jose Thomas Leslie
$23,001 $25,601 $19,199
2nd place: $2,000 New champion: $25,601 3rd place: $1,000

Game dynamics:

Coryat scores:

Jose Thomas Leslie
$12,800 $15,000 $11,200
21 R,
5 W
16 R
(including 1 DD),
2 W
(including 1 DD)
16 R,
1 W
(including 1 DD)

Combined Coryat: $39,000

[game clues] [game scores] [suggest correction]

Game tape date: Unknown
The J! Archive is created by fans, for fans. Scraping, republication, monetization, and malicious use prohibited; this site may use cookies and collect identifying information. See terms. The Jeopardy! game show and all elements thereof, including but not limited to copyright and trademark thereto, are the property of Jeopardy Productions, Inc. and are protected under law. This website is not affiliated with, sponsored by, or operated by Jeopardy Productions, Inc. Join the discussion at JBoard.tv.